00379nam a2200157 a 450000100060000000300090000600800410001502000150005604000280007108200150009910000220011424500130013626000400014930000110018965000210020011017CO-ViMGA141112s2004 ck r 000 u spa d a8420606502 aCO-ViMGAbspacCO-ViMGA04a823.7 B32v1 aBeckford, William10aVathek  aMadrid, cAlianza editorial, c1993 a384 p.14aCUENTOS INGLESES